| 000 | 00823nam a2200253Ia 4500 | ||
|---|---|---|---|
| 003 | OSt | ||
| 005 | 20221005084046.0 | ||
| 006 | a|||||r|||| 00| 0 | ||
| 007 | ta | ||
| 008 | 221004b |||||||| |||| 00| 0 eng d | ||
| 020 |
_a080580756X (hbk) _c4625.62 |
||
| 024 | _a99616 | ||
| 037 |
_b28513, 15/10/2009, Segment Book Distributors _cTextual |
||
| 040 |
_aCRL _cCRL _beng |
||
| 041 |
_2eng _aeng |
||
| 082 | _aX:513:(S), N4 | ||
| 100 |
_aClark Eddie M. Ed. _9613040 |
||
| 245 | 0 | _aAttention, attitude and affect in response to advertising | |
| 260 |
_aNew Jersey _bLawrence Erlbaum Asociates Publishers USA _c1994 |
||
| 300 |
_ax,328p. _ccm. |
||
| 650 | _aECONOMICS | ||
| 942 |
_hX:513:(S), N4 _cTEXL _2cc |
||
| 999 |
_c991986 _d991986 |
||